Normal view MARC view

Entry Topical Term

Number of records used in: 1

001 - CONTROL NUMBER

  • control field: 19224

003 - CONTROL NUMBER IDENTIFIER

  • control field: OSt

005 - DATE AND TIME OF LATEST TRANSACTION

  • control field: 20201110164822.0

008 - FIXED-LENGTH DATA ELEMENTS

  • fixed length control field: 201110|| aca||aabn | a|a d

040 ## - CATALOGING SOURCE

  • Original cataloging agency: OSt
  • Transcribing agency: OSt

150 ## - HEADING--TOPICAL TERM

  • Topical term or geographic name entry element: Government contracting, Government–Nonprofit relations, Administrative costs, Overhead costs

670 ## - SOURCE DATA FOUND

  • Source citation: Work cat.: (OSt): Zhao, Jianzhi and Lu, Jiahuan. 19223, Dees government punish nonprofits for high administrative costs in contracting decisions?

Powered by Koha